000 00408nam a2200157Ia 4500
003 GCL
008 140319s9999 xx 000 0 ara d
040 _aGCL /
_cGCL
082 0 4 _a150.19
_bع ع
100 1 _aعبدالرحمن عيسوى
245 1 0 _aعلم النفس علم وفن /
_cعبدالرحمن عيسوى
300 _a384 ص
490 _a
650 0 4 _aعلم النفس
942 _2ddc
_cBK
999 _c39204
_d39204